Využitie systémov strojového videnia pre rozpoznávanie tvarov a objektov na báze priemyselného systému Cognex a ich implementácia v priemysle

Enregistré dans:
Détails bibliographiques
Auteur principal: Konkoly, Tibor (Auteur)
Autres auteurs: Vachálek, Ján (Directeur de thèse)
Format: Manuscrit Livre
Langue:slovaque
Publié: 2020
Sujets:
Accès en ligne:http://is.stuba.sk/zp/portal_zp.pl?podrobnosti=150492
Tags: Ajouter un tag
Pas de tags, Soyez le premier à ajouter un tag!

MARC

LEADER 00000ntm a22000003a 4500
001 stuzp80252
003 SK-STU
005 20200711210843.9
007 ta
008 150427s2015----xo-----f-mn---000-0-slo-d
040 |a STU  |b slo 
041 0 |a slo 
100 1 |a Konkoly, Tibor  |u 020020  |k Z4  |4 aut  |U SjF Strojnícka fakulta  |T SjF Ústav automatizácie, merania a aplikovanej informatiky  |X 81384  |U J0020  |Y 802  |7 81384 
242 0 1 |a Use of machine vision systems for recognition of shapes and objects based on Cognex industrial system and their implementation in industry  |y eng 
245 1 0 |a Využitie systémov strojového videnia pre rozpoznávanie tvarov a objektov na báze priemyselného systému Cognex a ich implementácia v priemysle 
260 |c 2020 
650 4 |a Machine Vision  |2 eng 
650 4 |a EasyBuilder  |2 eng 
650 4 |a In-Sight Explorer  |2 eng 
650 4 |a Cognex  |2 eng 
650 4 |a Smart Camera  |2 eng 
650 4 |a In-Sight Explorer  |2 slo 
650 4 |a EasyBuilder  |2 slo 
650 4 |a Cognex  |2 slo 
650 4 |a Inteligentná kamera  |2 slo 
650 4 |a Strojové videnie  |2 slo 
700 1 |a Vachálek, Ján  |u 020020  |k Z1  |4 ths  |U SjF Strojnícka fakulta  |T SjF Ústav automatizácie, merania a aplikovanej informatiky  |X 2232  |U J0020  |Y 802  |7 A000002232 
856 4 |u http://is.stuba.sk/zp/portal_zp.pl?podrobnosti=150492 
996 |b 284J046453  |c J* 3243/DDP  |l JJSK  |s A  |a 24  |w stuzp80252_0001